000 00731nam a2200253 a 4500
001 716
003 BR-CuiBMT
005 20231114162140.0
008 231107s2012 spb 000 0 por d
020 _a9788502157187
040 _aBR-CuiBMT
_cBR-CuiBMT
080 _a34:336.2
_22007
_x(81)
090 _a34:336.2(81)
_bA485d
_c18 . ed.
100 1 _aAmaro, Luciano da Silva
245 1 0 _aDireito tributário brasileiro /
_cLuciano Amaro.
250 _a18. ed.
260 _aSão Paulo :
_bSaraiva,
_c2012.
300 _a541 p. ;
_c23 cm
504 _aInclui bibliografia.
650 _aDireito tributário
_zBrasil
650 _aCompetência tributária
_zBrasil
650 _aLegislação tributária
_zBrasil
942 _2udc
_cLV
999 _c716
_d716